000 00304nam a2200121Ia 4500
008 190216s9999||||xx |||||||||||||| ||und||
100 _aPublishers
245 0 _aKerala Through The Ages
260 _bDepartment Of Cultural Publications
_c1979
300 _a131p
650 _aIndian History
942 _cBK
999 _c19088
_d19088